[Event "SVK-chT2B 1819"]
[Site "Slovakia"]
[Date "2019.04.06"]
[Round "10.4"]
[White "Mikusik, Marian"]
[Black "Hanko, Pavol"]
[Result "1/2-1/2"]
[WhiteElo "2039"]
[BlackElo "2126"]
[PlyCount "101"]
[EventDate "2018.10.13"]
[EventType "team-tourn"]
[EventRounds "11"]
[EventCountry "SVK"]
[SourceTitle "EXT 2020"]
[Source "ChessBase"]
[SourceDate "2019.10.17"]
[SourceVersion "1"]
[SourceVersionDate "2019.10.17"]
[SourceQuality "1"]
[WhiteTeam "Povazska Bystrica"]
[BlackTeam "Prievidza"]
[WhiteTeamCountry "SVK"]
[BlackTeamCountry "SVK"]

1. Nf3 Nf6 2. d3 d5 3. Nbd2 c5 4. e4 Nc6 5. c3 e5 6. Be2 Be7 7. 0-0 0-0 8. Re1 d4 9. Nc4 Qc7 10. a4 Rb8 11. Na3 a6 12. Bg5 b5 13. axb5 axb5 14. c4 bxc4 15. Nxc4 Be6 16. Nfd2 Ne8 17. Bxe7 Qxe7 18. Qa4 Qc7 19. Rec1 Nd6 20. Qd1 Rb4 21. Nxd6 Qxd6 22. Bg4 Nd8 23. Bxe6 Nxe6 24. Nc4 Qc7 25. g3 g6 26. Ra6 Rfb8 27. h4 Nf8 28. Qf3 Nd7 29. h5 Qd8 30. hxg6 hxg6 31. Qg4 Qe7 32. Rca1 R4b7 33. Kg2 Nf6 34. Qg5 Nh5 35. Qxe7 Rxe7 36. Rc6 Rb5 37. Ra8+ Kg7 38. Raa6 f6 39. Kf3 Rd7 40. Ke2 Rb3 41. Kd2 Rb5 42. Kc2 Rd8 43. Nd6 Rb4 44. Rxc5 Rdb8 45. Nc4 R8b7 46. Rcc6 Rf7 47. Ra8 Re7 48. Raa6 Rf7 49. Kd2 Rb3 50. Rcb6 Rxb6 51. Nxb6 1/2-1/2

[Event "SVK-chT2B 1819"]
[Site "Slovakia"]
[Date "2019.03.03"]
[Round "9.4"]
[White "Mikusik, Marian"]
[Black "Chrenko, Kristian"]
[Result "1-0"]
[WhiteElo "2043"]
[BlackElo "1995"]
[PlyCount "101"]
[EventDate "2018.10.13"]
[EventType "team-tourn"]
[EventRounds "11"]
[EventCountry "SVK"]
[SourceTitle "CBM 189 Extra"]
[Source "ChessBase"]
[SourceDate "2019.06.03"]
[SourceVersion "1"]
[SourceVersionDate "2019.06.03"]
[SourceQuality "1"]
[WhiteTeam "Povazska Bystrica"]
[BlackTeam "Tlmace"]
[WhiteTeamCountry "SVK"]
[BlackTeamCountry "SVK"]

1. d3 d5 2. Nd2 Nf6 3. Ngf3 c5 4. e4 e6 5. c3 Nc6 6. Be2 Be7 7. 0-0 0-0 8. Qc2 b5 9. e5 Nd7 10. d4 Qb6 11. Nb3 cxd4 12. cxd4 Ba6 13. Bd3 g6 14. Qe2 Rfc8 15. h4 Bf8 16. h5 Nb4 17. hxg6 hxg6 18. Ng5 Nxd3 19. Qxd3 Be7 20. Qh3 Nf8 21. Qf3 Bxg5 22. Bxg5 Nh7 23. Bh6 b4 24. Rfc1 Rxc1+ 25. Rxc1 Rc8 26. Nc5 Bb5 27. a4 Bxa4 28. Nxa4 Rxc1+ 29. Bxc1 Qxd4 30. Bf4 g5 31. Bg3 g4 32. Qe2 Ng5 33. Bh4 Nh7 34. Kh2 Qf4+ 35. g3 Qd4 36. Qe3 Qxe3 37. fxe3 Kg7 38. Be7 Kg6 39. Bxb4 Kf5 40. Bc3 Ke4 41. Bd4 Ng5 42. Kg2 Kd3 43. Nc5+ Kc4 44. Kf2 Nf3 45. b3+ Kb4 46. Ke2 a5 47. Kd3 Ne1+ 48. Kd2 Nf3+ 49. Kc2 Ng5 50. Nd3+ Kb5 51. Nf2 1-0

[Event "SVK-chT2B 1718"]
[Site "Slovakia"]
[Date "2018.01.13"]
[Round "5.4"]
[White "Bielik, Jakub"]
[Black "Mikusik, Marian"]
[Result "0-1"]
[WhiteElo "1948"]
[BlackElo "2055"]
[PlyCount "68"]
[EventDate "2017.10.28"]
[EventType "team-tourn"]
[EventRounds "11"]
[EventCountry "SVK"]
[SourceTitle "EXT 2019"]
[Source "ChessBase"]
[SourceDate "2018.10.10"]
[SourceVersion "1"]
[SourceVersionDate "2018.10.10"]
[SourceQuality "1"]
[WhiteTeam "Povazske Podhradie"]
[BlackTeam "Povazska Bystrica"]
[WhiteTeamCountry "SVK"]
[BlackTeamCountry "SVK"]

1. e4 d5 2. exd5 Qxd5 3. Nf3 Nf6 4. Be2 c6 5. 0-0 h6 6. d4 Bf5 7. c4 Qa5 8. Nc3 e6 9. Re1 Be7 10. h3 Nbd7 11. Bf4 0-0 12. a3 Rfe8 13. Bf1 Rac8 14. b4 Qd8 15. Qb3 g5 16. Bh2 g4 17. hxg4 Nxg4 18. Bg3 Ndf6 19. Rad1 Nh5 20. d5 exd5 21. cxd5 Nxg3 22. fxg3 Qb6+ 23. Nd4 Bf6 24. Rxe8+ Rxe8 25. Nce2 Rxe2 26. Bxe2 Bxd4+ 27. Kh1 Nf2+ 28. Kh2 Nxd1 29. Bxd1 Bg1+ 30. Kh1 Qe3 31. dxc6 bxc6 32. g4 Be6 33. Qc2 Bf2 34. Be2 Bd5 0-1

[Event "SVK-chT1W 1617"]
[Site "Slovakia"]
[Date "2016.12.10"]
[Round "5.7"]
[White "Mikusik, Marian"]
[Black "Orgon, Dusan"]
[Result "1/2-1/2"]
[WhiteElo "2052"]
[BlackElo "2074"]
[PlyCount "68"]
[EventDate "2016.10.15"]
[EventType "team-tourn"]
[EventRounds "11"]
[EventCountry "SVK"]
[SourceTitle "EXT 2018"]
[Source "ChessBase"]
[SourceDate "2017.10.13"]
[SourceVersion "1"]
[SourceVersionDate "2017.10.13"]
[SourceQuality "1"]
[WhiteTeam "Povazska Bystrica"]
[BlackTeam "Dubnica nad Vahom II"]
[WhiteTeamCountry "SVK"]
[BlackTeamCountry "SVK"]

1. d3 e5 2. Nd2 d5 3. Ngf3 Bd6 4. e3 Nf6 5. Be2 0-0 6. c4 e4 7. Nd4 c5 8. Nb5 exd3 9. Bxd3 Nc6 10. cxd5 Ne5 11. Be2 Bf5 12. Nf3 a6 13. Nc3 Qc7 14. Nh4 Bg4 15. f4 Bxe2 16. Qxe2 Ng6 17. Nxg6 fxg6 18. 0-0 Rae8 19. e4 Qf7 20. Qd3 Nh5 21. e5 Bb8 22. Be3 Ba7 23. Qd2 Qd7 24. d6 g5 25. Qd5+ Qe6 26. g3 gxf4 27. gxf4 g5 28. d7 Re7 29. d8Q Rxd8 30. Qxd8+ Kg7 31. fxg5 Qg4+ 32. Kh1 Ng3+ 33. Kg2 Ne4+ 34. Kh1 Ng3+ 1/2-1/2

[Event "SVK-chT1W 1617"]
[Site "Slovakia"]
[Date "2016.11.20"]
[Round "4.6"]
[White "Mikusik, Marian"]
[Black "Kostolansky, Sebastian Lukas"]
[Result "1/2-1/2"]
[WhiteElo "2052"]
[BlackElo "2081"]
[PlyCount "120"]
[EventDate "2016.10.15"]
[EventType "team-tourn"]
[EventRounds "11"]
[EventCountry "SVK"]
[SourceTitle "EXT 2018"]
[Source "ChessBase"]
[SourceDate "2017.10.13"]
[SourceVersion "1"]
[SourceVersionDate "2017.10.13"]
[SourceQuality "1"]
[WhiteTeam "Povazska Bystrica"]
[BlackTeam "Bratislava Slovan III"]
[WhiteTeamCountry "SVK"]
[BlackTeamCountry "SVK"]

1. d3 e6 2. Nd2 Nf6 3. Ngf3 d5 4. e3 c5 5. Be2 Nc6 6. 0-0 Be7 7. c4 0-0 8. a3 a5 9. Re1 Qc7 10. Qc2 Rd8 11. h3 b6 12. b3 Bb7 13. Bf1 d4 14. e4 Nd7 15. g3 Rf8 16. Bg2 Bd6 17. Nf1 Rae8 18. Qd1 h6 19. Ra2 f5 20. exf5 exf5 21. Rxe8 Rxe8 22. Nh4 Ne7 23. Qe2 Bxg2 24. Qe6+ Kh7 25. Kxg2 Rf8 26. Bf4 Rf6 27. Qe2 Qc6+ 28. Kg1 g5 29. Bxd6 Qxd6 30. Ng2 Re6 31. Qd1 Ne5 32. f4 Nf7 33. Qf3 Qc6 34. Qxc6 Nxc6 35. Kf2 Kg7 36. Re2 Kf6 37. Nd2 Nfd8 38. Rxe6+ Nxe6 39. Kf3 h5 40. Ke2 g4 41. h4 Ke7 42. Ne1 Kd7 43. Kd1 Nc7 44. Kc2 Kc8 45. Kb2 Kb7 46. a4 Nb4 47. Nf1 Kc6 48. Kb1 Kd6 49. Kb2 Ne6 50. Kb1 Ke7 51. Kb2 Kf6 52. Kb1 Nc6 53. Ng2 Ne7 54. Kc2 Nd8 55. Kb2 Nb7 56. Nd2 Nd6 57. Kc2 Nc6 58. Ne1 Ke6 59. Kb2 Kd7 60. Kb1 Nb4 1/2-1/2

[Event "SVK-chT1W 1617"]
[Site "Slovakia"]
[Date "2016.10.16"]
[Round "2.6"]
[White "Meszaros, Norbert"]
[Black "Mikusik, Marian"]
[Result "1-0"]
[WhiteElo "2118"]
[BlackElo "2052"]
[PlyCount "93"]
[EventDate "2016.10.15"]
[EventType "team-tourn"]
[EventRounds "11"]
[EventCountry "SVK"]
[SourceTitle "CBM 175 Extra"]
[Source "ChessBase"]
[SourceDate "2016.12.12"]
[SourceVersion "1"]
[SourceVersionDate "2016.12.12"]
[SourceQuality "1"]
[WhiteTeam "Bratislava Lokomotiva"]
[BlackTeam "Povazska Bystrica"]
[WhiteTeamCountry "SVK"]
[BlackTeamCountry "SVK"]

1. e4 e6 2. d4 d5 3. e5 c5 4. c3 Nc6 5. Nf3 Bd7 6. Bd3 f6 7. exf6 Nxf6 8. 0-0 Bd6 9. h3 0-0 10. Re1 Qc7 11. a3 a5 12. a4 cxd4 13. cxd4 Nb4 14. Nc3 Nxd3 15. Qxd3 Bb4 16. Ng5 Bxc3 17. bxc3 Rae8 18. Ba3 h6 19. Bxf8 hxg5 20. Ba3 Bxa4 21. Bc1 Bd7 22. f3 Qg3 23. Qf1 Bb5 24. Qf2 Qc7 25. Bd2 Nh5 26. Re5 Nf4 27. Rxg5 a4 28. Bxf4 Qxf4 29. Qg3 Qxg3 30. Rxg3 Bd7 31. f4 Rc8 32. Re3 Kf7 33. g4 Kf6 34. Kf2 Ra8 35. Kg3 Bc6 36. Ra3 Ra6 37. h4 Bd7 38. h5 Rb6 39. g5+ Kf7 40. Ra1 Rb2 41. Rh1 a3 42. h6 gxh6 43. gxh6 Kg8 44. f5 a2 45. fxe6 Be8 46. h7+ Kh8 47. Rf3 1-0

[Event "SVK-chT1W 1314"]
[Site "Slovakia"]
[Date "2014.03.02"]
[Round "9.4"]
[White "Dlhy, Jozef"]
[Black "Mikusik, Marian"]
[Result "1-0"]
[WhiteElo "2057"]
[BlackElo "2119"]
[PlyCount "69"]
[EventDate "2013.10.12"]
[EventType "team-tourn"]
[EventRounds "11"]
[EventCountry "SVK"]
[SourceTitle "EXT 2015"]
[Source "ChessBase"]
[SourceDate "2014.11.20"]
[SourceVersion "1"]
[SourceVersionDate "2014.11.20"]
[SourceQuality "1"]
[WhiteTeam "Nitra"]
[BlackTeam "Povazska Bystrica"]
[WhiteTeamCountry "SVK"]
[BlackTeamCountry "SVK"]

1. d4 d6 2. e4 Nd7 3. f4 c5 4. c3 g6 5. Nf3 Bg7 6. Bc4 e6 7. 0-0 Ne7 8. Qe2 0-0 9. Bb3 Qc7 10. Nbd2 a6 11. a4 Rb8 12. Kh1 b5 13. axb5 axb5 14. e5 cxd4 15. cxd4 Nf5 16. Ne4 Bb7 17. g4 Nxd4 18. Nxd4 Nc5 19. Bc2 dxe5 20. Nf3 f5 21. Nxc5 Qxc5 22. gxf5 exf5 23. fxe5 Bxe5 24. Bh6 Rfe8 25. Bb3+ Kh8 26. Rae1 Be4 27. Qf2 Bd4 28. Qg3 Be5 29. Bf4 Rbd8 30. Rxe4 Bxf4 31. Rxe8+ Rxe8 32. Qxf4 Re3 33. Qd4+ Qxd4 34. Nxd4 Rd3 35. Rd1 1-0

[Event "SVK-chT1W 0809"]
[Site "Slovakia"]
[Date "2009.03.07"]
[Round "10.6"]
[White "Federic, Jozef"]
[Black "Mikusik, Marian"]
[Result "1-0"]
[WhiteElo "2239"]
[BlackElo "2118"]
[PlyCount "74"]
[EventDate "2008.10.18"]
[EventType "team-tourn"]
[EventRounds "11"]
[EventCountry "SVK"]
[SourceTitle "EXT 2010"]
[Source "ChessBase"]
[SourceDate "2010.11.25"]
[SourceVersion "1"]
[SourceVersionDate "2010.11.25"]
[SourceQuality "1"]
[WhiteTeam "Budmerice"]
[BlackTeam "Povazska Bystrica Sparta"]
[WhiteTeamCountry "SVK"]
[BlackTeamCountry "SVK"]

1. d4 d5 2. c4 e6 3. Nf3 Be7 4. Nc3 Nf6 5. Bg5 h6 6. Bxf6 Bxf6 7. cxd5 exd5 8. e3 0-0 9. Bd3 c5 10. 0-0 Nc6 11. dxc5 Bxc3 12. bxc3 Qa5 13. Qb3 Qxc5 14. Bb5 Ne7 15. Qb4 Qc7 16. Rad1 a6 17. Ba4 b5 18. Bb3 a5 19. Qd4 Be6 20. Qd2 a4 21. Bc2 Bg4 22. Bd3 Bxf3 23. gxf3 Rfc8 24. Bxb5 Ra5 25. Rb1 Qxc3 26. Rfd1 Qxd2 27. Rxd2 Rc5 28. Bd3 g6 29. Rc2 Rxc2 30. Bxc2 Nc6 31. f4 a3 32. Rb3 Kf8 33. Kf1 Ke7 34. Rb7+ Ke6 35. Bb3 Nd8 36. Rb6+ Kd7 37. f5 Kc7 1-0

[Event "SVK-chT1W 0809"]
[Site "Slovakia"]
[Date "2009.02.07"]
[Round "8.1"]
[White "Travenec, Igor"]
[Black "Mikusik, Marian"]
[Result "1-0"]
[WhiteElo "2224"]
[BlackElo "2118"]
[PlyCount "49"]
[EventDate "2008.10.18"]
[EventType "team-tourn"]
[EventRounds "11"]
[EventCountry "SVK"]
[SourceTitle "EXT 2010"]
[Source "ChessBase"]
[SourceDate "2010.11.25"]
[SourceVersion "1"]
[SourceVersionDate "2010.11.25"]
[SourceQuality "1"]
[WhiteTeam "Bratislava Slovan II"]
[BlackTeam "Povazska Bystrica Sparta"]
[WhiteTeamCountry "SVK"]
[BlackTeamCountry "SVK"]

1. e4 e6 2. d4 d5 3. Nd2 a6 4. Ngf3 c5 5. exd5 exd5 6. c3 Nc6 7. dxc5 Bxc5 8. Nb3 Ba7 9. Be2 Nf6 10. 0-0 h6 11. Nbd4 0-0 12. Be3 Ne4 13. Qd3 Re8 14. Rad1 Nd6 15. Rfe1 Qf6 16. Nxc6 Bxe3 17. Nb4 Bf5 18. Qxd5 Bf4 19. Qd4 Re4 20. Qxf6 gxf6 21. g3 Kh7 22. Nd5 Be5 23. Nxe5 fxe5 24. Nf6+ Kg6 25. Rxd6 1-0

[Event "Prague op-A 08th"]
[Site "Prague"]
[Date "2009.01.13"]
[Round "5"]
[White "Trichkov, Vasil"]
[Black "Mikusik, Marian"]
[Result "1-0"]
[WhiteElo "2336"]
[BlackElo "2118"]
[PlyCount "57"]
[EventDate "2009.01.09"]
[EventType "swiss"]
[EventRounds "9"]
[EventCountry "CZE"]
[SourceTitle "CBM 128 Extra"]
[Source "ChessBase"]
[SourceDate "2009.03.05"]
[SourceVersion "2"]
[SourceVersionDate "2009.03.25"]
[SourceQuality "1"]

1. d4 d5 2. Nf3 Nf6 3. c4 e6 4. Nc3 Be7 5. Qc2 c5 6. dxc5 Nc6 7. cxd5 exd5 8. Bg5 Qa5 9. e3 0-0 10. a3 Qxc5 11. b4 Qd6 12. Nb5 Qd8 13. Bd3 h6 14. Bf4 a5 15. Nc7 Rb8 16. b5 Bd6 17. Bxd6 Qxd6 18. bxc6 Qxc7 19. cxb7 Qxc2 20. Bxc2 Rxb7 21. 0-0 Be6 22. Nd4 Rfb8 23. Rfb1 Rxb1+ 24. Rxb1 Rxb1+ 25. Bxb1 Nd7 26. Bd3 Nc5 27. Bc2 a4 28. Kf1 Kf8 29. Ke2 1-0

[Event "Prague-ch 3rd phase"]
[Site "Prague"]
[Date "2008.06.05"]
[Round "8"]
[White "Mikusik, Marian"]
[Black "Pavlicek, Petr"]
[Result "1-0"]
[WhiteElo "2128"]
[BlackElo "2111"]
[PlyCount "115"]
[EventDate "2008.04.10"]
[EventType "swiss"]
[EventRounds "9"]
[EventCountry "CZE"]
[SourceTitle "EXT 2010"]
[Source "ChessBase"]
[SourceDate "2010.11.25"]
[SourceVersion "1"]
[SourceVersionDate "2010.11.25"]
[SourceQuality "1"]

1. d4 Nf6 2. c4 g6 3. Nc3 d5 4. cxd5 Nxd5 5. e4 Nxc3 6. bxc3 Bg7 7. Qa4+ Bd7 8. Qa3 0-0 9. Bg5 Re8 10. Rb1 b6 11. Nf3 h6 12. Be3 e6 13. Bd3 Nc6 14. 0-0 Qe7 15. Qc1 Kh7 16. h4 e5 17. h5 g5 18. Qd1 g4 19. Nxe5 Nxe5 20. dxe5 Qh4 21. f4 g3 22. Re1 Bg4 23. Be2 Rad8 24. Bxg4 Rxd1 25. Bf5+ Kg8 26. Rbxd1 Bf8 27. Bh3 Qxh5 28. Rd7 Re7 29. Rd3 c5 30. c4 Qg6 31. Bf5 Qh5 32. Kf1 Qh4 33. Ke2 Rb7 34. Kf3 b5 35. cxb5 Rxb5 36. e6 Rb7 37. Rd7 Rxd7 38. exd7 Be7 39. Rc1 Bd6 40. e5 Bc7 41. Rxc5 Qd8 42. Bd2 a5 43. Bxa5 Qa8+ 44. Be4 Qxa5 45. Rxa5 Bxa5 46. Kxg3 Kf8 47. Kg4 Ke7 48. Bc6 f6 49. Kf5 fxe5 50. Kxe5 Bc7+ 51. Kf5 Ba5 52. g4 Kd6 53. Bb5 Ke7 54. Kg6 Bd2 55. f5 Bg5 56. a4 Kf8 57. a5 Ke7 58. a6 1-0

[Event "SVK-chT1E 0708"]
[Site "Slovakia"]
[Date "2008.02.09"]
[Round "8.2"]
[White "Mikusik, Marian"]
[Black "Gasa, Andrej"]
[Result "0-1"]
[WhiteElo "2145"]
[BlackElo "2214"]
[PlyCount "66"]
[EventDate "2007.10.13"]
[EventType "team-swiss"]
[EventRounds "11"]
[EventCountry "SVK"]
[SourceTitle "EXT 2019"]
[Source "ChessBase"]
[SourceDate "2018.10.10"]
[SourceVersion "1"]
[SourceVersionDate "2018.10.10"]
[SourceQuality "1"]
[WhiteTeam "Povazska Bystrica Sparta"]
[BlackTeam "Senica SK"]
[WhiteTeamCountry "SVK"]
[BlackTeamCountry "SVK"]

1. d4 d5 2. c4 e6 3. Nc3 Nf6 4. cxd5 exd5 5. Bg5 Be7 6. e3 c6 7. Bd3 0-0 8. Qc2 Nbd7 9. Nge2 Re8 10. h3 Nf8 11. g4 Bd7 12. 0-0-0 Rc8 13. Kb1 Ne4 14. Bxe4 Bxg5 15. Bg2 Ng6 16. Rhf1 Bh4 17. e4 dxe4 18. Nxe4 Be6 19. f4 Bd5 20. f5 Nf8 21. N2c3 Bc4 22. Rh1 h6 23. g5 hxg5 24. Qa4 b5 25. Qa3 a5 26. d5 b4 27. Qa4 bxc3 28. dxc6 Bd3+ 29. Ka1 cxb2+ 30. Kxb2 Qb6+ 31. Kc3 Bb5 32. Qd4 Rxc6+ 33. Kb2 Bf1+ 0-1

[Event "SVK-chT2B 0607"]
[Site "Slovakia"]
[Date "2007.03.17"]
[Round "10.6"]
[White "Mikusik, Marian"]
[Black "Novotny, Michal1111"]
[Result "1-0"]
[WhiteElo "2082"]
[BlackElo "2046"]
[PlyCount "81"]
[EventDate "2006.10.14"]
[EventType "team-tourn"]
[EventRounds "11"]
[EventCountry "SVK"]
[SourceTitle "EXT 2008"]
[Source "ChessBase"]
[SourceDate "2007.11.25"]
[SourceVersion "1"]
[SourceVersionDate "2007.11.25"]
[SourceQuality "1"]
[WhiteTeam "Povazska Bystrica"]
[BlackTeam "Tlmace"]
[WhiteTeamCountry "SVK"]
[BlackTeamCountry "SVK"]

1. d4 d5 2. c4 Nf6 3. Nc3 Nc6 4. cxd5 Nxd5 5. e4 Nxc3 6. bxc3 e5 7. d5 Ne7 8. Be3 Ng6 9. a3 Bd6 10. c4 b6 11. g3 Qe7 12. Qa4+ Bd7 13. Qb3 Bc5 14. f3 0-0 15. Nh3 f5 16. exf5 Rxf5 17. Bg2 Nf4 18. 0-0 Ne2+ 19. Kh1 Rh5 20. g4 Rxh3 21. Bxh3 Qh4 22. Qd3 Ng3+ 23. Kg2 Nh5 24. gxh5 Bxh3+ 25. Kh1 Bxf1 26. Rxf1 Bxe3 27. Qxe3 Qxh5 28. c5 Rd8 29. Qe4 Qf7 30. d6 bxc5 31. dxc7 Qxc7 32. Rc1 Rd4 33. Qf5 g6 34. Qe6+ Kg7 35. Re1 Rd3 36. Kg2 Rxa3 37. Rxe5 c4 38. Rd5 Ra2+ 39. Kf1 Qxh2 40. Rd7+ Kh6 41. Qe3+ 1-0

[Event "SVK-chT2B 0506"]
[Site "Slovakia"]
[Date "2005.12.17"]
[Round "5.3"]
[White "Mikusik, Marian"]
[Black "Julenyi, Frantisek"]
[Result "1/2-1/2"]
[WhiteElo "2078"]
[BlackElo "2033"]
[PlyCount "48"]
[EventDate "2005.10.22"]
[EventType "team-tourn"]
[EventRounds "11"]
[EventCountry "SVK"]
[SourceTitle "EXT 2008"]
[Source "ChessBase"]
[SourceDate "2007.11.25"]
[SourceVersion "1"]
[SourceVersionDate "2007.11.25"]
[SourceQuality "1"]

1. d4 d6 2. c4 g6 3. Nc3 Bg7 4. e4 Nd7 5. Nf3 c5 6. Be3 Qa5 7. Qd2 Ngf6 8. h3 0-0 9. Be2 a6 10. 0-0 Qc7 11. Rac1 b6 12. Bh6 cxd4 13. Nd5 Qd8 14. Bxg7 Kxg7 15. Qxd4 Bb7 16. Nxf6 Nxf6 17. e5 dxe5 18. Qxe5 Qb8 19. Qe3 Qc7 20. b4 Rfe8 21. Ne5 Rad8 22. c5 Nd5 23. cxb6 Qd6 24. Qd4 Nxb6 1/2-1/2

[Event "SVK-chT1W 0405"]
[Site "Slovakia"]
[Date "2004.??.??"]
[Round "4"]
[White "Krajnak, Robert"]
[Black "Mikusik, Marian"]
[Result "1-0"]
[WhiteElo "2117"]
[BlackElo "2086"]
[PlyCount "69"]
[EventDate "2004.10.??"]
[EventType "team"]
[EventRounds "11"]
[EventCountry "SVK"]
[SourceTitle "EXT 2006"]
[Source "ChessBase"]
[SourceDate "2005.11.24"]
[SourceVersion "1"]
[SourceVersionDate "2005.11.24"]
[SourceQuality "1"]

1. c4 g6 2. Nc3 Bg7 3. Nf3 d6 4. g3 c6 5. Bg2 Nd7 6. 0-0 e5 7. Rb1 f5 8. d3 Ndf6 9. b4 Ne7 10. c5 0-0 11. cxd6 Qxd6 12. Be3 b6 13. b5 Nfd5 14. Qb3 Kh8 15. bxc6 Nxc3 16. Qxc3 Nd5 17. Qc2 Nxe3 18. fxe3 Be6 19. Rbe1 Bh6 20. Kf2 f4 21. gxf4 exf4 22. e4 g5 23. h3 Rac8 24. d4 g4 25. hxg4 Bxg4 26. d5 Bg7 27. Rh1 Bxf3 28. exf3 Rc7 29. Bh3 Bd4+ 30. Ke2 Rg8 31. Kd3 Be5 32. Bg4 Qa3+ 33. Qb3 Qd6 34. Rh5 Rg6 35. Rxe5 1-0